|
|
|
|
| LEADER |
00914nam a2200205 a 4500 |
| 008 |
100607s2007 bg b 000 0 ben d |
| 020 |
|
|
|c 9844100127
|
| 040 |
|
|
|a DLC
|c DLC
|d DLC
|d BD-DhAAL
|
| 082 |
0 |
0 |
|a 954.9/2009724
|2 22
|
| 100 |
0 |
|
|a মোনাজাতউদ্দিন.
|
| 245 |
1 |
0 |
|a পথ থেকে পথে /
|c মোনাজাতউদ্দিন.
|
| 260 |
|
|
|a ঢাকা :
|b মাওলা ব্রাদার্স,
|c ২০০৭.
|
| 300 |
|
|
|a ১২০ পৃ. ;
|c ২২ সে.মি.
|
| 500 |
|
|
|a In Bengali.
|
| 500 |
|
|
|a Collection of write-ups on the rural life of Bangladesh.
|
| 541 |
1 |
|
|e 00020089
|
| 650 |
|
0 |
|a Bangladesh
|x Rural conditions.
|
| 852 |
4 |
|
|a Ayesha Abed Library
|j General Shelf
|
| 999 |
|
|
|c 8850
|d 8850
|
| 952 |
|
|
|0 0
|1 0
|2 ddc
|4 0
|6 954_900000000000000_2009724_MON_2007
|7 0
|9 10779
|a BRACUL
|b BRACUL
|c GEN
|d 2010-06-09
|l 2
|o 954.92009724 MON
|p 3010020089
|r 2016-05-11
|s 2016-05-10
|t 1
|w 2010-06-09
|y BK
|